000 00324nam a22001457a 4500
003 OSt
005 20160727222351.0
008 160622b xxu||||| |||| 00| 0 eng d
040 _cTEST
100 _9396
_aLance, L,
245 _aSpraeding Sails
260 _aLythway Press Ltd.
300 _aSpraeding Sails
942 _2ddc
_cBK
999 _c322
_d322